Diagnóstico de la carga de VIH en Costa Rica y alcance de la respuesta nacional /
El estudio se enfoca en analizar la prevalencia y distribución del VIH en Costa Rica, así como en evaluar la eficacia de las medidas y estrategias implementadas para enfrentar esta enfermedad. El estudio proporciona un análisis detallado de las tasas de infección, grupos de riesgo, factores de trans...
שמור ב:
| מחבר ראשי: | |
|---|---|
| מחברים אחרים: | , , , , |
| פורמט: | לא ידוע |
| שפה: | Spanish |
| יצא לאור: |
Costa Rica :
Organización Panamericana de la Salud, sin fecha
sin fecha
|
| נושאים: | |
| תגים: |
הוספת תג
אין תגיות, היה/י הראשונ/ה לתייג את הרשומה!
|
MARC
| LEADER | 00000 a2200000 04500 | ||
|---|---|---|---|
| 001 | 46343 | ||
| 003 | cru CIDCACS/IIS | ||
| 005 | 20230906153349.0 | ||
| 008 | 991231ss.f. cr spa d | ||
| 020 | |a sin ISBN | ||
| 040 | |c a |a cru CIDCACS/IIS | ||
| 090 | |a 15.01.02 D536d | ||
| 100 | |a Jacobson, Jerry O. | ||
| 245 | |a Diagnóstico de la carga de VIH en Costa Rica y alcance de la respuesta nacional / |c Jerry O. Jacobson, Roberto Flores Reyna, Miguel Aragón López, Gabriela Paz Bailey, Lidieth Carballo Quedada, Edgar Monterroso | ||
| 260 | |a Costa Rica : |b Organización Panamericana de la Salud, sin fecha |c sin fecha | ||
| 300 | |a 111 páginas |b tablas, gráficos | ||
| 520 | |a El estudio se enfoca en analizar la prevalencia y distribución del VIH en Costa Rica, así como en evaluar la eficacia de las medidas y estrategias implementadas para enfrentar esta enfermedad. El estudio proporciona un análisis detallado de las tasas de infección, grupos de riesgo, factores de transmisión y el impacto social y económico del VIH en el país. Además, se examinan las políticas y programas de respuesta nacional, se identifican sus fortalezas y debilidades, y se proponen recomendaciones para mejorar la prevención, atención y tratamiento del VIH en Costa Rica.RAR | ||
| 650 | 0 | |2 OCDE |9 890 |a VIH | |
| 650 | 0 | |2 OCDE |9 5397 |a ATENCION MEDICA | |
| 650 | 0 | |2 OCDE |9 405 |a POLITICA DE SALUD | |
| 650 | 0 | |2 UNESCO |9 6428 |a EPIDEMIOLOGÍA | |
| 700 | |a Flores Reyna, Roberto | ||
| 700 | |a Aragón López, Miguel | ||
| 700 | |a Paz Bailey, Gabriela | ||
| 700 | |a Carballo Quedada, Lidieth | ||
| 700 | |a Monterroso, Edgar | ||
| 942 | |2 z |c LI |h 15.01.02 D536d |i 14710 |6 150102_D536D_14710 | ||
| 999 | |c 10020 |d 10020 | ||
